Modern Book Protagonists Quiz Stats

 Plays Quiz not verified by Sporcle

Support Sporcle.
Go Orange.
Score 0/11 Timer 04:00
0 Plays Today
Character % Correct
Harry James Potter
97.8%
Isabella 'Bella' Swan
94.3%
Perseus 'Percy' Jackson
92.9%
Clarissa 'Clary' Fray
92%
Katniss Everdeen
88.7%
Artemis Fowl II
75.4%
Gregory Heffley
64.8%
Meggie Folchart
55.5%
Maximum Ride
55.5%
Jake Berenson
42.5%
Jackson Downey Swift
42%

You're not logged in!

Compare scores with friends on all Sporcle quizzes.
OR
Log In

From the Vault

Drop a J

by mrsmith

No offense, 'J', but you already look like you're dropping...
Remove Ads.
Support Sporcle.
Get the best of Sporcle when you Go Orange. This ad-free experience offers more features, more stats, and more fun while also helping to support Sporcle. Thank you for becoming a member.

Show Comments

Extras

Top Quizzes Today


Score Distribution

Your Account Isn't Verified!

In order to create a playlist on Sporcle, you need to verify the email address you used during registration. Go to your Sporcle Settings to finish the process.

Report this User

Report this user for behavior that violates our Community Guidelines.

Details: